000 00624nam a22002057a 4500
003 OSt
005 20251215032323.0
008 251215b |||||||| |||| 00| 0 eng d
020 _a978-621-406-245-4
040 _aDWC-Main lib.
_cOC
082 _aFil.
100 _aPunzalan, Michelle D.
245 _aPhysical education 3 :
_bFitness dance & Individual/
_cMichelle D. Punzalan
260 _aManila :
_bMindshapers,
_cc2019.
300 _ax, 209 pages :
_billustrations ;
_c22cm
504 _aIncludes bibliography.
650 _a1. Dance education
650 _a2. Physical fitness.
942 _2ddc
_cBK - FIL
_kFil.
_n0
999 _c7075
_d7075